Catàleg del Col·legi de Periodistes de Catalunya

La realidad manipulada (Registre núm. 2315)

000 -CABECERA
Longitud fija campo de control 00661nam a2200217 a 4500
001 - NÚMERO DE CONTROL
Número de control 2315
003 - IDENTIFICADOR DEL NÚMERO DE CONTROL
Identificador del número de control CDMR
005 - FECHA Y HORA DE LA ÚLTIMA TRANSACCIÓN
Fecha y hora de la última transacción 20131204125508.0
008 - CÓDIGOS DE INFORMACIÓN DE LONGITUD FIJA
Códigos de información de longitud fija 130130s1982||||||||||||||||||||||||||||d
020 ## - NÚMERO INTERNACIONAL NORMALIZADO PARA LIBROS
Número Internacional Normalizado para Libros (ISBN) 842521100X
040 ## - FUENTE DE LA CATALOGACIÓN
Centro catalogador de origen CDMR
Lengua de catalogación cat
Centro transcriptor CDMR
100 1# - PUNTO DE ACCESO PRINCIPAL-NOMBRE DE PERSONA
Nombre de persona Doelker, Christian
9 (RLIN) 1734
245 13 - MENCIÓN DE TÍTULO
Título La realidad manipulada
Resto del título : radio, televisión ,cine, prensa
Mención de responsabilidad, etc. Christian Doelker
260 ## - PUBLICACIÓN, DISTRIBUCIÓN, ETC. (PIE DE IMPRENTA)
Lugar de publicación, distribución, etc. Barcelona
Fecha de publicación, distribución, etc. 1982
Nombre del editor, distribuidor, etc. Gustavo Gili
300 ## - DESCRIPCIÓN FÍSICA
Extensión 212 p.
490 0# - MENCIÓN DE SERIE
Mención de serie Punto y Línea
650 04 - PUNTO DE ACCESO ADICIONAL DE MATERIA - TÉRMINO DE MATERIA
9 (RLIN) 3243
Término de materia o nombre geográfico como elemento inicial Mitjans de comunicació de massa
Subdivisión de materia general Manipulació
650 04 - PUNTO DE ACCESO ADICIONAL DE MATERIA - TÉRMINO DE MATERIA
9 (RLIN) 4446
Término de materia o nombre geográfico como elemento inicial Persuasió (Psicologia)
650 04 - PUNTO DE ACCESO ADICIONAL DE MATERIA - TÉRMINO DE MATERIA
9 (RLIN) 2367
Término de materia o nombre geográfico como elemento inicial Comunicació
Subdivisión de materia general Aspectes psicològics
942 ## - ENTRADA DE ELEMENTOS AGREGADOS (KOHA)
Koha [por defecto] tipo de item Monografies
Fuente de clasificaión o esquema
Fons
Suprimido Perdido Estropeado No para préstamo Localización permanente Localización actual Fecha adquisición Préstamos totales Signatura completa Código de barras Fecha última consulta Fecha del precio de reemplazo Tipo de item de Koha
        Centre de Documentació Montserrat Roig Centre de Documentació Montserrat Roig 2013-01-16   Cc 4/2 CDMR1312613310 2013-01-16 2013-01-16 Monografies

Implantat amb Koha